LEADER 01083nam a2200265 i 4500 001 000000200975 003 CaOOAMICUS 005 20110418000000.0 008 110418s2010 it u000 u ita u 013 $a179676 020 $a978-88-16-40895-1 040 $aSeMil$bita 245 10$a2002-2003. 300 $a375 p. 490 0 $aDi fronte e attraverso ;$v895 650 4$aHeidegger, Martin <1889-1976> - Pensiero filosofico.$0(OLS)http://semarc/subject/3193 650 4$aRobinson Crusoe.$0(OLS)http://semarc/subject/37735 773 0 $aDerrida, Jacques <1930-2004>$tBestia e il sovrano.$dMilano : Jaca Book, 2009-2010-$g2$w()24784 773 0 $aDerrida, Jacques <1930-2004>$tSeminari.$dMilano : Jaca Book $w()24785 830 0$aDi fronte e attraverso ;$v895.$0(OLS)http://semarc/title/6486 850 $aSeMil 852 $aSeMil$W1$xVenegono$y1$m2P VII 99$j151504$B151504$CSeMilBibl$Z2$F162721 $81 961 $aRecupero: Seminario di Seveso 996 $6020$a978-88-16-40895-1$9(OLS)http://semarc/number/193586 996 $6245$a2002-2003$9(OLS)http://semarc/title/290757 LEADER 00593nam a2200181 i 4500 001 000000219620 003 CaOOAMICUS 005 20260128080036.0 008 130403s1863 it u000 u ita u 013 $a198517 040 $aSeMil$bita 245 10$aTomo 2. 300 $aCXXXV, 48 p. 773 0 $aGioberti, Vincenzo <1801-1852>$tOperette politiche.$dNapoli : Dalla stamperia del Vaglio, 1863.$g2$w()28319 850 $aSeMil 852 $aSeMil$W1$xVenegono$y1$m2K V 23 FA$j169981$B169981$CSeMilBibl$Z2$F180728 $8I 996 $6245$aTomo 2$9(OLS)http://semarc/title/49331